000 00861nam a2200277 a 4500
008
020 _a0134833554 (hbk.)
049 _aMAIN
090 _aHF5657.4 HOR
100 1 _aHorngren, Charles T.
245 1 0 _aIntroduction to financial accounting /
_cCharles T. Horngren and Gary L. Sundem.
250 _a3rd ed.
260 _aEnglewood Cliffs,New Jersey 07632 :
_bPrentice Hall,
_cc1987.
300 _axx, 794 p. :
_bcol. ill. ;
_c27 cm.
440 0 _aPrentice-Hall series in accounting.
504 _aIncludes bibliographical references.
500 _aIncludes index.
650 0 _aAccounting.
700 1 _aSundem, Gary L.
740 0 _aFinancial accounting.
907 _a.b10193297
_b11-10-10
_c22-02-06
003
005 20230123134235.0
040 _cNUST
942 _cBOOKS
_kHF5657.4 HOR
999 _c162468
_d162468